000 01796nam a2200517 i 4500
001 51068
003 KOSZ 005
005 20211220151851.0
008 040116s2003 pl a f f |001 0 pol
015 _aPB 2004/1309
020 _a8320428459
035 _a991022245089705066
035 _a(PL-WaBN)b1600193x-48omnis_nlop
035 _ab1600193x
035 _a(OCoLC)749233903
035 _a(PL)b0000001600193
035 _a(EXLNZ-48OMNIS_NETWORK)9910095756205606
040 _aWA N
_cWA N
_dKOSZ 005/HR
041 0 _apol
046 _k2003
080 _a621.5
080 _a(075.8)
100 1 _aBohdal, Tadeusz
_eAutor
245 1 0 _aUrządzenia chłodnicze sprężarkowe parowe :
_bpodstawy teoretyczne i obliczenia /
_cTadeusz Bohdal, Henryk Charun, Marian Czapp.
260 _aWarszawa :
_bWydawnictwa Naukowo-Techniczne,
_c2003.
300 _a531, [1] s. :
_bfot., rys., tab., wykr. ;
_c24 cm.
336 _2rdacontent
_aTekst
_btxt
337 _2rdamedia
_aBez urządzenia pośredniczącego
_bn
338 _2rdacarrier
_aWolumin
_bnc
380 _aKsiążki
380 _aPublikacje dydaktyczne
385 _mPoziom nauczania
_aSzkoły wyższe
388 _a2001-
504 _aBibliogr., wykaz norm s. 518-527. Indeks.
521 8 _aPodręcznik akademicki.
650 7 _aChłodnictwo
_2DBN
650 7 _aUrządzenia chłodnicze
655 7 _aPodręczniki akademickie
_2DBN
658 _aInżynieria i technika
700 1 _aCzapp, Marian
_eAutor
710 2 _aWydawnictwa Naukowo-Techniczne
_4pbl
700 1 _aCharun, Henryk
_d(1946-2021)
_eAutor
856 _uhttp://koha.tu.koszalin.pl/cgi-bin/koha/opac-detail.pl?biblionumber=51068
_yKatalog online BPK
942 _2UKD
_cKS
999 _c51068
_d51068